| 000 | 00769nam a22001577a 4500 | ||
|---|---|---|---|
| 003 | OSt | ||
| 005 | 20151004161526.0 | ||
| 008 | 151004b xxu||||| |||| 00| 0 eng d | ||
| 040 | _cRUA | ||
| 082 | _aAVM SET 2004 B074 Or.1 | ||
| 100 |
_92013 _aSETH, SONANG. |
||
| 245 | _aefficiency of broken mung bean as reed ingredient for growing pig at dangkor district, phnom penh (ប្រសិទ្ធភាពនៃការប្រើប្រាស់ចុងសណ្តែកបាយជាចំណីផ្សំសំរាប់ការលូតលាស់ជ្រូកសាច់ នៅ ខ័ណ្ឌដង្កោ រាជធានីភ្នំពេញ) | ||
| 260 |
_aPhnom Penh _bRUA _c2004 |
||
| 300 |
_aviii, 57p. _bill. _c29cm. |
||
| 942 |
_2ddc _cAVM |
||
| 999 |
_c1902 _d1902 |
||